Pays du monde par gentilé - Statistiques

Statistiques générales
  • Ce quiz a été pris 1 038 fois
    1 000 depuis la dernière actualisation
  • Le résultat moyen est 97 sur 196
Réponses sur la Carte
Les réponses sont colorées sur une échelle allant du rouge au vert en fonction du pourcentage des utilisateurs qui les ont devinées à leur premier essai. Vous pouvez retrouver ces pourcentages ci-dessous.
 
Statistiques - réponses
Pays % Correct
Français
94%
Canadien
92%
Américain
91%
Espagnol
90%
Mexicain
88%
Russe
87%
Allemand
86%
Brésilien
86%
Italien
86%
Portugais
86%
Chinois
85%
Algérien
83%
Australien
83%
Marocain
83%
Argentin
82%
Irlandais
82%
Japonais
82%
Suisse
82%
Chilien
81%
Indien
81%
Norvégien
81%
Belge
80%
Égyptien
80%
Finlandais
80%
Polonais
80%
Suèdois
80%
Grec
79%
Tunisien
79%
Islandais
78%
Ukrainien
78%
Danois
76%
Mongol
76%
Autrichien
74%
Colombien
74%
Turc
74%
Roumain
73%
Congolais
72%
Estonien
72%
Bolivien
71%
Croate
71%
Biélorusse
70%
Indonésien
69%
Letton
69%
Malien
69%
Péruvien
69%
Hongrois
67%
Iranien
67%
Lituanien
67%
Sénégalais
67%
Somalien
67%
Irakien
66%
Vietnamien
66%
Cubain
65%
Libyen
65%
Tchèque
65%
Thaïlandais
65%
Venezuelien
65%
Bulgare
64%
Malgache
64%
Pakistanais
64%
Slovaque
64%
Albanais
63%
Serbe
63%
Éthiopien
62%
Syrien
62%
Soudanais
61%
Nigerien
60%
Afghan
59%
Slovéne
59%
Haïtien
58%
Israëlien
58%
Moldave
58%
sud-africain
58%
Arménien
57%
Camerounais
57%
Géorgien
57%
Libanais
57%
Luxembourgeois
57%
Néerlandais
57%
Népalais
57%
Nord-coréen
57%
Sud-coréen
57%
Cambodgien
56%
Équatorien
56%
Guinéen
56%
Jordanien
56%
Mauritanien
56%
Qatari
56%
Angolais
54%
Malaisien
54%
Saoudien
54%
Ivoirien
53%
Néo-Zélandais
53%
Tchadien
53%
Uruguayen
53%
Maltais
52%
Namibien
52%
Omani
52%
Srilankais
52%
Birman
51%
Ouzbék
51%
Paraguayen
51%
Tanzanien
51%
Bosnien
50%
Kazakh
50%
dominicain
49%
Zambien
49%
Jamaïcain
48%
Kenyan
47%
Gabonais
46%
Philippin
46%
Rwandais
46%
Taïwanais
46%
Britannique
44%
Monégasque
44%
Nigerian
44%
Ougandais
44%
Chypriote
43%
Surinamais
43%
Centrafricain
42%
Costaricien
42%
Érythréen
42%
Sud-Soudanais
42%
Togolais
42%
Gambien
41%
Mauricien
41%
Azerbaïdjanais
40%
Béninois
40%
Kosovar
40%
Tadjik
40%
Yémenite
40%
Comorien
39%
Liberien
39%
Botswanais
37%
Salvadorien
36%
Bhoutanais
35%
Djiboutien
35%
Laotien
35%
Émirati
34%
Kirghize
34%
Belizien
33%
Capverdien
33%
Fidjien
33%
Ghanéen
33%
Koweïtien
33%
Panaméen
33%
Guatemaltèque
32%
Burkinabé
30%
Malawite
30%
Micronésien
30%
Zimbabwéen
30%
Hondurien
28%
Monténégrin
28%
Guyanien
26%
Maldivien
26%
Papouasien
26%
Turkméne
26%
Burundais
25%
Sierra-Leonais
25%
Singapourien
23%
Eswatinien
22%
Bahamien
21%
Nord-macédonien
21%
Seychellois
21%
Bahreïni
20%
Bangladais
19%
Barbadien
19%
Samoan
18%
Andorran
17%
Bissau-guinéen
17%
Grenadien
17%
Liechtensteinois
17%
Mozambicain
17%
Nicaraguayen
17%
Saint-Marinais
16%
Salomonais
16%
Marshallais
15%
Saint-Lucien
15%
Tonguien
14%
Est-timorais
12%
Vanuatuan
12%
Bruneien
11%
Equatoguinéen
11%
Vaticane
11%
Dominiquais
9%
Nauruan
8%
Trinidadien
8%
Tuvaluan
8%
Sotho
7%
Saint-Vincentais
6%
Gilbertin
5%
Antiguais-et-Barbudien
4%
Palauan
4%
Santoméen
4%
Kittitiens et Néviciens
1%
Aucun quiz correspondant
Distribution des résultats
% des personnes avec chaque résultat
Percentile par nombre de réponses
Votre historique - résultats
Vous n’avez pas pris ce quiz depuis la dernière actualisation